000 00482nam a22001457a 4500
020 _a939184192-9
082 _a823
_bEMI/W
100 _aBRONTE, EMILY
245 _aWUTHERING HEIGHTS
260 _aBANGALORE
_bPRISM BOOKS PVT LTD
_c2023
300 _a240
520 _aIn this wild, stormy countryside, Lockwood asks his housekeeper, Nelly Dean, to tell him the story of Heathcliff and the strange denizens of Wuthering Heights.
650 _aENGLISH LITERATURE
_zINDIA
942 _cBK
999 _c7174
_d7174